Tile Select - FIFA World Cup Qualifications - Statistics

General Stats
  • This quiz has been taken 40 times
  • The average score is 35 of 45
Answer Stats
Question Tile Select % Correct
teams that have never qualified Australia No
97%
teams that have never qualified Brazil No
97%
teams that have never qualified Spain No
97%
teams that have not qualified since 2000 Netherlands No
95%
teams that have never qualified Vanuatu Yes
95%
teams that have never qualified Gambia Yes
92%
teams that have not qualified since 2000 Uruguay No
92%
teams that have qualified under a different name Argentina No
89%
teams that have qualified 5 or more times Brazil Yes
89%
teams that have qualified in a different continental association (than their current one) United States No
89%
teams that have qualified 5 or more times France Yes
87%
teams that have qualified 5 or more times New Zealand No
87%
teams that have qualified under a different name Belize No
84%
teams that have qualified 5 or more times Canada No
84%
teams that have not qualified since 2000 Ivory Coast No
84%
teams that have qualified 5 or more times Wales No
84%
teams that have qualified 5 or more times Japan Yes
82%
teams that have qualified in a different continental association (than their current one) Seychelles No
82%
teams that have qualified in a different continental association (than their current one) Australia Yes
79%
teams that have qualified under a different name Germany Yes
79%
teams that have qualified in a different continental association (than their current one) Guyana No
79%
teams that have qualified under a different name Solomon Islands No
79%
teams that have qualified under a different name Taiwan No
79%
teams that have qualified under a different name Zimbabwe No
79%
teams that have qualified under a different name DRC Yes
76%
teams that have never qualified Guatemala Yes
76%
teams that have qualified in a different continental association (than their current one) Kazakhstan No
76%
teams that have qualified in a different continental association (than their current one) Russia No
76%
teams that have not qualified since 2000 Bolivia Yes
74%
teams that have not qualified since 2000 Bulgaria Yes
74%
teams that have not qualified since 2000 Cuba Yes
74%
teams that have not qualified since 2000 El Salvador Yes
74%
teams that have qualified under a different name Serbia Yes
74%
teams that have not qualified since 2000 Trinidad and Tobago No
74%
teams that have qualified in a different continental association (than their current one) Israel Yes
71%
teams that have never qualified Togo No
71%
teams that have qualified in a different continental association (than their current one) Egypt No
68%
teams that have never qualified Finland Yes
68%
teams that have qualified under a different name Indonesia Yes
68%
teams that have qualified 5 or more times Cameroon Yes
66%
teams that have qualified 5 or more times Ecuador No
66%
teams that have not qualified since 2000 China No
63%
teams that have never qualified Kuwait No
61%
teams that have qualified in a different continental association (than their current one) Turkey No
45%
teams that have qualified 5 or more times Costa Rica Yes
42%
No matching quizzes found
Score Distribution
Percent of People with Each Score
Percentile by Number Answered
Your Score History
You have not taken this quiz